| 000 | 01041cad a22002055a 4500 | ||
|---|---|---|---|
| 001 | L157685 | ||
| 008 | 130227s2013 xxk f 000 0 eng d | ||
| 035 | _a(Sirsi) u157685 | ||
| 041 | 0 | _aeng | |
| 110 | 2 |
_aUnited Kingdom _bDepartment of Energy and Climate Change _95850 |
|
| 245 | 0 | 0 |
_aGuidance on Green Deal Sanctions and Appeals _h[electronic resource] |
| 260 |
_aLondon _bDECC _c2013 |
||
| 520 | _aGuidance sets out the circumstances under which sanctions would be imposed under the Green Deal Framework Regulations 2012. The guidance is aimed at green deal providers, assessors and other people directly affected by a sanction imposed by the DECC Secretary of State in relation to the Green Deal. | ||
| 590 | _aKA | ||
| 651 | 4 | _aUnited Kingdom | |
| 690 |
_aEnergy _96237 |
||
| 690 |
_aSustainability _96271 |
||
| 856 | 4 | 0 |
_uhttps://www.gov.uk/government/uploads/system/uploads/attachment_data/file/79110/Guidance_on_Green_Deal_Sanctions_and_Appeals__7_February_2013_FINAL.pdf _zView the item free of charge at www.gov.uk |
| 942 | _n0 | ||
| 999 |
_c114920 _d114920 |
||